| 000 | 00359nam a2200145Ia 4500 | ||
|---|---|---|---|
| 008 | 240624s9999 xx 000 0 und d | ||
| 041 | _aeng | ||
| 082 | _a006.6 ROG | ||
| 100 | _aROGERS DAVID F | ||
| 245 | _aPROCEDURAL ELEMENTS FO COMPUTER GRAPHICS | ||
| 250 | _a(2nd ed.) | ||
| 260 |
_c2001 _aNew Delhi _bTata McGrawhill |
||
| 300 | _axix, : 711 | ||
| 365 | _cRS | ||
| 999 |
_c606 _d606 |
||